• 首页
  • 本馆介绍
  • 公告通知
  • 最新文献
  • 馆藏检索
  • 电子资源
  • 读者导购
  • 参考咨询
  • 我的图书馆
  • 登录
  • 详细信息显示
  • 放入我的书架
  • 预约/预借图书
  • 作者相关作品
  • 分类相关作品
  • 丛书相关作品
  • 出版社相关作品

书目信息

  • 表格格式
  • 工作单格式
  • 卡片格式
题名:
有机合成醛.酮.醌
    
 
作者: 日本化学会 编 ;张一宾 , 徐逸楣 , 程志明 译
分册:  
出版信息: 上海   上海科学文献出版社  1997
页数: 508
开本: 19cm
丛书名:
单 册:
中图分类: O622.4
科图分类:
主题词: 有机化学
电子资源:
ISBN: 7-5439-0911-1
000 00729nam0 2200217 450
001 0754114953
005 20070929150154.95
010    @a7-5439-0911-1
100    @a20070929d km y0chiy0120 ea
101 0  @achi
200 1  @a有机合成醛.酮.醌@Ayou ji he cheng quan.tong.kun@f日本化学会 编@Fri ben hua xue hui bian@g程志明,徐逸楣,张一宾 译@Gcheng zhi ming,xu yi mei,zhang yi bin yi
210    @a上海@c上海科学文献出版社@d1997
215    @a508@c插图@d19cm
606 0  @a有机化学
690    @aO622.4@v3
701  0 @a日本化学会@Ari ben hua xue hui@4编
702  0 @a张一宾@Azhang yi bin@4译
702  0 @a徐逸楣@Axu yi mei@4译
702  0 @a程志明@Acheng zhi ming@4译
801  0 @aCN@bPFT@c20070929
905    @a213230@dO622.4@eh42@f1
    
    有机合成醛.酮.醌/日本化学会 编/程志明,徐逸楣,张一宾 译.-上海:上海科学文献出版社,1997
    508:插图;19cm
    
    
    ISBN 7-5439-0911-1:
    
●
相关链接 在E读中查询图书 在五车中查询图书 在当当中查询图书 在豆瓣中查询图书


正题名:有机合成醛·酮·醌     索取号:O622.4/h42         预约/预借

序号 登录号 条形码 馆藏地/架位号 状态 备注
1 6000998   260009984   密集书库-化学系/ [索取号:O622.4/h42] 在馆    
唐山师范学院图书馆 欢迎您!
大连网信软件有限公司© 版权所有